ZGADNIJ FLAGĘ #1 - Statystyki

Ogólne statystyki
  • Ten quiz został rozwiązany 529 razy
  • Średni wynik to 4 z 5
Statystyki odpowiedzi
Obrazkowy Odpowiedź % Poprawnych
POLSKA
100%
FRANCJA
99%
BRAZYLIA
98%
HONDURAS
50%
BOLIWIA
48%
Nie znaleziono quizów pasujących do podanych kryteriów
Rozkład punktacji
Procent ludzi z każdym wynikiem
Percentyl według liczby udzielonych odpowiedzi
Twoja historia wyników
Nie rozwiązałeś tego quizu